| 000 -LEADER |
| fixed length control field |
00755nam a22002297a 4500 |
| 001 - CONTROL NUMBER |
| control field |
10873 |
| 003 - CONTROL NUMBER IDENTIFIER |
| control field |
BD-DhUAP |
| 005 - DATE AND TIME OF LATEST TRANSACTION |
| control field |
20200302120822.0 |
| 008 - FIXED-LENGTH DATA ELEMENTS--GENERAL INFORMATION |
| fixed length control field |
200302s2002 at a|||| |||| 001 0 eng d |
| 020 ## - INTERNATIONAL STANDARD BOOK NUMBER |
| International Standard Book Number |
187607061 |
| 040 ## - CATALOGING SOURCE |
| Original cataloging agency |
BD-DhUAP |
| Language of cataloging |
Eng |
| Transcribing agency |
BD-DhUAP |
| Modifying agency |
BD-DhUAP |
| 082 ## - DEWEY DECIMAL CLASSIFICATION NUMBER |
| Edition number |
23 |
| Classification number |
725.0973 JOH |
| 245 ## - TITLE STATEMENT |
| Title |
John Portman and Associates : |
| Remainder of title |
selected and current works / |
| Statement of responsibility, etc. |
Edited by Steve Womersley. |
| 260 ## - PUBLICATION, DISTRIBUTION, ETC. |
| Place of publication, distribution, etc. |
Mulgrave, Vic. : |
| Name of publisher, distributor, etc. |
Images Pub. Group, |
| Date of publication, distribution, etc. |
c2002. |
| 300 ## - PHYSICAL DESCRIPTION |
| Extent |
256 pages : |
| Other physical details |
illustrations ; |
| Dimensions |
30 cm. |
| 490 ## - SERIES STATEMENT |
| Series statement |
Master architect series |
| Volume/sequential designation |
VI. |
| 500 ## - GENERAL NOTE |
| General note |
Include index.<br/> |
| 600 ## - SUBJECT ADDED ENTRY--PERSONAL NAME |
| Personal name |
John Portman & Associates. |
| 650 ## - SUBJECT ADDED ENTRY--TOPICAL TERM |
| Topical term or geographic name entry element |
Architecture |
| Form subdivision |
History |
| Chronological subdivision |
20th century |
| Geographic subdivision |
United States. |
| 700 ## - ADDED ENTRY--PERSONAL NAME |
| Personal name |
Womersley, Steve. |
| 942 ## - ADDED ENTRY ELEMENTS (KOHA) |
| Source of classification or shelving scheme |
|
| Koha item type |
Book |